00565nam a2200169 a 450000100100000000500170001000800410002702000150006804000130008308200150009610000390011124500820015026000730023230000270030550000320033250000310036400000521520200929151618.0090818s1998 sp a 001 spa d a8400077105 aDO-SdBNP axxxbC631e1 aSánchez Ron. José Manueld194910aJames Clerk Maxwell :bEscritos científicos /cJosé Manuel Sánchez Ron. aMadrid, :bconsejo Superior de Investigaciones Científicas,c1998. a161 p. :bil ;c23 cm. aIncluye datos biográficos aIncluye tabla de contenido